000 00440nam a2200181Ia 4500
001 7783
003 GE_BSU
008 181216s||||||||xx |||||||||||||| ||und||
040 _cGE_BSU
245 4 _aThe Economist, September 7th-13th. 2013
245 _bNumber 8852
260 _aParis
260 _c2013
300 _a94pg;27sm.
653 _aThe Economist. September 7th-13th. 2013
653 _aპერიოდიკა
942 _cCR
999 _c41133
_d41133